000 00700nam a2200205 a 4500
001 000010312
005 20240412074217.0
008 091006s1988 dr r 000 p spa d
040 _aDO-SdBNP
_bspa
_cBNPHU
082 _aRD861.44
_bF363p
100 1 _aFernández Spencer, Antonio,
_d1922-1995
_922525
245 1 0 _aPoemas sin misterio /
_cAntonio Fernández Spencer.
260 _aSanto Domingo :
_bBiblioteca Nacional,
_c1988.
300 _a126 p. ;
_c21 cm.
500 _a"XVI Feria Nacional del Libro Manuel Arturo Peña Batlle"
590 _aInventariado, 2018/BT
650 0 _aPoesía dominicana
_966
650 0 _aLiteratura dominicana.
_967
910 _aValidado. Control de calidad. MMOLINA
999 _c10071
_d10071